000 00638nam a22002417a 4500
003 UA-OsUOA
001 31847
007 ta
008 20050112b un ||||| |||| 00| 0 ukr d
100 _aМерцалов А. Н.
090 _a94(430)
_bМ52
942 _cBK
040 _aUA-OsUOA
_brus
_cUA-OsUOA
_dUA-OsUOA
245 _aЗападно-Германская буржуазная историография Второй мировой войны
300 _a272 с.
955 _a0
041 _arus
080 _a94(430)
260 _aМосква
_bНаука
_c1978
044 _aRU
650 7 _2UDC
999 _c318281
_d318281